| 000 | 00934nam a22002777a 4500 | ||
|---|---|---|---|
| 003 | DO-SdBNP | ||
| 005 | 20240304175025.0 | ||
| 006 | a||||gr|||| 00| 0 | ||
| 007 | ta | ||
| 008 | 230831e1966 dr ||||| |||| 00| 0 spa d | ||
| 040 |
_aDO-SdBNP _bspa _cBNPHU _erda |
||
| 082 | 4 |
_222 _a342.729302 R426co, 2010 _bR426co, 1966 |
|
| 240 | 1 | 0 | _aConstitución (1966) |
| 245 | 1 | 0 |
_aConstitución Dominicana. / _bIntroducción, Hugo Tolentino Dipp. |
| 250 | _a2a. edición | ||
| 264 |
_aSanto Domingo : _b[sin editora], _c1966 |
||
| 300 |
_a73 páginas ; _b16 cm. |
||
| 336 |
_2rdacontent _atxt _brda |
||
| 337 |
_2rdamedia _asin mediación _bn |
||
| 338 |
_2rdacarrier _avolumen _bnc |
||
| 590 | _aInventariado 2023 / MF | ||
| 651 | 4 |
_aRepública Dominicana _xConstitución (1966) _910405 |
|
| 651 | 4 |
_aRepública Dominicana _xDerecho Constitucional _99303 |
|
| 700 | 1 |
_aTolentino Dipp, Hugo, _d1930-2019 _eintroducción _912717 |
|
| 942 |
_2ddc _cLF2 |
||
| 999 |
_c54596 _d54596 |
||